India and South Africa and South African Indians : Bibliography and documentatio (Record no. 15320)

MARC details
000 -LEADER
fixed length control field 00325nam a2200121Ia 4500
082 ## - DEWEY DECIMAL CLASSIFICATION NUMBER
Classification number 015.68 GUP-I
100 ## - MAIN ENTRY--AUTHOR NAME
Personal name Gupta, Vijay
245 #0 - TITLE STATEMENT
Title India and South Africa and South African Indians : Bibliography and documentatio
260 ## - PUBLICATION, DISTRIBUTION, ETC. (IMPRINT)
Year of publication 1994
300 ## - PHYSICAL DESCRIPTION
Number of Pages 124p.
942 ## - ADDED ENTRY ELEMENTS (KOHA)
Koha item type Books
Holdings
Withdrawn status Lost status Damaged status Not for loan Home library Current library Date acquired Bill Date Full call number Accession Number Price effective from Koha item type
        NASSDOC Library NASSDOC Library 08/10/2004 2004-10-05 015.68 GUP-I 38649 18/04/2019 Books